Tu le connais, mais tu ne sais pas le nommer #1 - Statistiques

Statistiques générales
  • Ce quiz a été pris 79 fois
  • Le résultat moyen est 3 sur 14
Statistiques - réponses
Par images Réponse % Correct
Esperluette
82%
Guéridon
47%
Vibrisse
37%
Lunule
29%
Aglet / Ferret
18%
Muselet
14%
Remontoir
12%
Crépine
5%
Curseur
4%
Ardillon
3%
Lemniscate
3%
Tire croq
1%
Virole
1%
Vinculum
0%
Aucun quiz correspondant
Distribution des résultats
% des personnes avec chaque résultat
Percentile par nombre de réponses
Votre historique - résultats
Vous n’avez pas pris ce quiz